Juana I (Record no. 186688)
[ view plain ]
| 000 -LEADER | |
|---|---|
| campo de control de longitud fija | 01414nam a2200361 i 4500 |
| 001 - NÚMERO DE CONTROL | |
| campo de control | 186688 |
| 003 - IDENTIFICADOR DE NÚMERO DE CONTROL | |
| campo de control | SpMaBN |
| 005 - FECHA Y HORA DE LA ÚLTIMA TRANSACCIÓN | |
| campo de control | 20250821091802.0 |
| 008 - DATOS DE LONGITUD FIJA--INFORMACIÓN GENERAL | |
| campo de control de longitud fija | 170201s2010 sp acg |||| |bspa d |
| 020 ## - NÚMERO INTERNACIONAL ESTÁNDAR DEL LIBRO | |
| Número Internacional Estándar del Libro | 978-84-936776-2-6 |
| 080 ## - NÚMERO DE LA CLASIFICACIÓN DECIMAL UNIVERSAL | |
| Número de la Clasificación Decimal Universal | 929 Juana (460.18) I |
| 080 ## - NÚMERO DE LA CLASIFICACIÓN DECIMAL UNIVERSAL | |
| Número de la Clasificación Decimal Universal | 7.034(4) |
| 080 ## - NÚMERO DE LA CLASIFICACIÓN DECIMAL UNIVERSAL | |
| Número de la Clasificación Decimal Universal | 94(460)"1474/1516" |
| 080 ## - NÚMERO DE LA CLASIFICACIÓN DECIMAL UNIVERSAL | |
| Número de la Clasificación Decimal Universal | 94(460)"1516/56" |
| 100 1# - ENTRADA PRINCIPAL--NOMBRE DE PERSONA | |
| Nombre de persona | Zalama, Miguel Ángel. |
| 9 (RLIN) | 117865 |
| 245 10 - MENCIÓN DEL TÍTULO | |
| Título | Juana I |
| Resto del título | : arte, poder y cultura en torno a una reina que no gobernó / |
| Mención de responsabilidad, etc. | Miguel Á. Zalama. |
| 260 ## - PUBLICACIÓN, DISTRIBUCIÓN, ETC. | |
| Lugar de publicación, distribución, etc. | Madrid : |
| Nombre del editor, distribuidor, etc. | Centro de Estudios Europa Hispánica, |
| Fecha de publicación, distribución, etc. | [2010] |
| 300 ## - DESCRIPCIÓN FÍSICA | |
| Extensión | 383 p. : |
| Otras características físicas | il. col., mapa, mús., plano ; |
| Dimensiones | 29 cm. |
| 490 1# - MENCIÓN DE SERIE | |
| Mención de serie | Colección Los Austrias |
| 500 ## - NOTA GENERAL | |
| Nota general | Índice onomástico. |
| 504 ## - NOTA DE BIBLIOGRAFÍA, ETC. | |
| Nota de bibliografía, etc. | Bibliografía: p. [361]-370. |
| 600 04 - PUNTO DE ACCESO ADICIONAL DE MATERIA--NOMBRE DE PERSONA | |
| Nombre de persona | Juana |
| Numeración | I, |
| Títulos y otros términos asociados al nombre | Reina de Castilla |
| 9 (RLIN) | 67140 |
| 650 07 - PUNTO DE ACCESO ADICIONAL DE MATERIA--TÉRMINO DE MATERIA | |
| Término de materia o nombre geográfico como elemento de entrada | Arte renacentista |
| Fuente del encabezamiento o término | embne |
| 9 (RLIN) | 10287 |
| 651 ## - PUNTO DE ACCESO ADICIONAL DE MATERIA--NOMBRE GEOGRÁFICO | |
| Nombre geográfico | España- |
| Subdivisión general | Historia- |
| Subdivisión cronológica | 1474-1516, Reyes Católicos. |
| 9 (RLIN) | 8222 |
| 651 #7 - PUNTO DE ACCESO ADICIONAL DE MATERIA--NOMBRE GEOGRÁFICO | |
| Nombre geográfico | España- |
| Subdivisión general | Historia- |
| Subdivisión cronológica | 1516-1556, Carlos I. |
| 9 (RLIN) | 8224 |
| 710 2# - ENTRADA AGREGADA--NOMBRE DE ENTIDAD CORPORATIVA | |
| Nombre de entidad corporativa o nombre de jurisdicción como elemento de entrada | Centro de Estudios Europa Hispánica. |
| 9 (RLIN) | 137568 |
| 830 0# - PUNTO DE ACCESO ADICIONAL DE SERIE-TÍTULO UNIFORME | |
| Título uniforme | Colección Los Austrias |
| 9 (RLIN) | 192587 |
| 852 ## - LOCALIZACIÓN | |
| Ubicación | ES-MaACL |
| itemnumber | 193745 |
| Sublocalización o colección | R.151389 |
| Signatura antigua | Olim: N-6989 |
| Número de control de estantería | A-13989 |
| Ubicación en estantería | Depósito 1 |
| Donativo/Legado | Donación: Centro de Estudios Europa Hispánica |
| 914 ## - NOMBRE ENTIDAD DE DONANTE | |
| RLIN | 137568 |
| Nombre de congreso/reunión o jurisdicción como elemento de entrada | Centro de Estudios Europa Hispánica |
| Unidad subordinada | Donante |
| 942 ## - ELEMENTOS DE ENTRADA SECUNDARIOS (KOHA) | |
| Fuente del sistema de clasificación o colocación | Clasificación decimal universal |
| Tipo de ítem Koha | Libro impreso |
| Estatus retirado | Estado de pérdida | Fuente del sistema de clasificación o colocación | Estado de daño | No para préstamo | Biblioteca de origen | Biblioteca actual | Ubicación en estantería | Fecha de adquisición | Fuente de adquisición | Total de préstamos | Signatura topográfica completa | Código de barras | Visto por última vez | Precio de reemplazo | Tipo de ítem Koha |
|---|---|---|---|---|---|---|---|---|---|---|---|---|---|---|---|
| Clasificación decimal universal | Biblioteca del Ateneo de Madrid | Biblioteca del Ateneo de Madrid | Depósito 1 | 01/02/2017 | Donación | A-13989 | 1196922 | 23/02/2023 | 23/02/2023 | Libro impreso |
